| 000 | 01410nam a2200289u 4500 | ||
|---|---|---|---|
| 005 | 00000000000000.0 | ||
| 008 | 810522s1962 nyua j 00| 1 eng | ||
| 010 | _aB-345540-542 | ||
| 020 |
_a9780746057827 _c65.00 |
||
| 020 |
_a0746057822 _c65.00 |
||
| 035 | _aB-345540-542 | ||
| 037 | _bTarun Books | ||
| 040 |
_adpl _bEnglish |
||
| 082 | _aS | ||
| 245 |
_aStories of knights / _cretold by Jane Bingham; illustrated by Alan Marks |
||
| 260 |
_aLondon _bUsborne Publishing _c2004 |
||
| 270 |
_aUsborne House, 83-85 Saffron Hill, _bLondon |
||
| 300 |
_a48p. : _bill. _c20cm (pbk) |
||
| 490 |
_aUsborne young reading; edited by Lesley Sims _vseries one |
||
| 700 | _aBingham, Jane | ||
| 700 | _aMarks, Alan | ||
| 942 |
_2ddc _cCH _hS _mSTO |
||
| 999 |
_c21667 _d21667 |
||